01018cam a2200277 a 450000100060000000300100000600500170001600700030003300800410003604000120007704100080008908200280009710000380012524501700016325000180033330000290035133600270038033700330040733800280044065000440046865000360051265000560054865000560060465000440066071000360070458280CO-BoRNBP20250821133302.0ta020616s2001 ck a r 00110 spa d ala cla0 aspa04a371.911 bP13m 219 ed.1 aPáez Osorio, Héctor Fabián.13aEl maestro y el alumno con limitación visual : b(páginas de reflexión con maestros de alumnos ciegos o con baja visión) / cHéctor Fabián Páez Osorio. a1a. edición a48 p. : bil. ; c22 cm. 2rdacontentatextobtxt 2rdamediaasin mediaciónbn 2rdacarrieravolumenbnc 7aMaestros de ciegosv Manuales.2BLAAUTO 7aEducación de ciegos.2BLAAUTO 7aEducación de niños con discapacidades.2BLAAUTO 7aEducación de personas con daño visual.2BLAAUTO 7aRelaciones maestro-estudiante.2BLAAUTO2 aInstituto Nacional para Ciegos.